Statistics for Capital Cities in Europe

Click here to take the quiz!

General Stats

  • This quiz has been taken 18 times
  • The average score is 44 of 46

Answer Stats

CountryCity% Correct
AlbaniaTirana
100%
PortugalLisbon
100%
LuxembourgLuxembourg
100%
MaltaValletta
100%
MonacoMonaco
100%
NetherlandsAmsterdam
100%
NorwayOslo
100%
PolandWarsaw
100%
RussiaMoscow
100%
ItalyRome
100%
San MarinoSan Marino
100%
SpainMadrid
100%
SwedenStockholm
100%
SwitzerlandBern
100%
UkraineKiev
100%
United KingdomLondon
100%
LiechtensteinVaduz
100%
Vatican CityVatican City
100%
IrelandDublin
100%
FinlandHelsinki
100%
AustriaVienna
100%
BelarusMinsk
100%
BelgiumBrussels
100%
BulgariaSofia
100%
CroatiaZagreb
100%
Czech RepublicPrague
100%
IcelandReykjavik
100%
EstoniaTallinn
100%
DenmarkCopenhagen
100%
FranceParis
100%
GermanyBerlin
100%
GreeceAthens
100%
HungaryBudapest
93%
LatviaRiga
93%
RomaniaBucharest
93%
CyprusNicosia
93%
AndorraAndorra La Vella
93%
Bosnia and Herz.Sarajevo
93%
SerbiaBelgrade
87%
North MacedoniaSkopje
87%
SlovakiaBratislava
87%
SloveniaLjubljana
87%
MontenegroPodgorica
80%
MoldovaChisinau
80%
LithuaniaVilnius
80%
KosovoPristina
73%

Score Distribution

Percentile by Number Answered

Percent of People with Each Score

Your Score History

You have not taken this quiz